00581 2200205 4500001002100000005001500021035002000036007000300056008004100059020001800100082001100118084001700129100002100146245009500167260004700262300002100309856001400330650001500344990001600359INLIS00000000000074120240604090744 a0010-1220000170ta240604 0 ind  a979-420-208-8 a610.28 a610.28 CUT p0 aCutler Paul M.D.1 aPemecahan Masalah dalam Praktek Kedokteran dari Data menuju Diagnosis /cCutler Paul, M.D. a1991 :bGajah mada university press,c1991 a731 hlm ;c26 cm aKelas 610 4akedokteran a00000001024